Nutrition: concepts & controversies. / (Record no. 9183)

MARC details
000 -LEADER
fixed length control field 01658cam a22003497a 4500
001 - CONTROL NUMBER
control field 17578969
003 - CONTROL NUMBER IDENTIFIER
control field OSt
005 - DATE AND TIME OF LATEST TRANSACTION
control field 20220830152751.0
008 - FIXED-LENGTH DATA ELEMENTS--GENERAL INFORMATION
fixed length control field 130103s2013 caua b 001 0 eng d
010 ## - LIBRARY OF CONGRESS CONTROL NUMBER
LC control number 2010922624
020 ## - INTERNATIONAL STANDARD BOOK NUMBER
International Standard Book Number 9780538736213
020 ## - INTERNATIONAL STANDARD BOOK NUMBER
International Standard Book Number 0538736216
035 ## - SYSTEM CONTROL NUMBER
System control number (OCoLC)ocn816513218
040 ## - CATALOGING SOURCE
Original cataloging agency YDXCP
Transcribing agency LC
Modifying agency BTCTA
-- OCLCQ
-- GYS
-- OCLCA
-- DLC
042 ## - AUTHENTICATION CODE
Authentication code lccopycat
050 00 - LIBRARY OF CONGRESS CALL NUMBER
Classification number QP141.S53
100 ## - MAIN ENTRY--PERSONAL NAME
Fuller form of name Sizer, Frances Sienkiewicz
9 (RLIN) 293
245 00 - TITLE STATEMENT
Title Nutrition: concepts & controversies. /
Statement of responsibility, etc. Frances Sienkiewicz Sizer, Ellie Whitney.
250 ## - EDITION STATEMENT
Edition statement 12th ed.
260 ## - PUBLICATION, DISTRIBUTION, ETC.
Place of publication, distribution, etc. Belmont, California:
Name of publisher, distributor, etc. Wadsworth Cengage Learning,
Date of publication, distribution, etc. 2011.
300 ## - PHYSICAL DESCRIPTION
Extent 1 v. (various pagings):
Other physical details ill. ;
504 ## - BIBLIOGRAPHY, ETC. NOTE
Bibliography, etc. note Includes bibliographical references and index.
505 ## - FORMATTED CONTENTS NOTE
Formatted contents note Contents: Food choices and human health -- Nutrition tools - standards and guidelines -- The Remarkable body -- The Carbohydrates: sugar, starch, glycogen, and fiber -- The lipids: fats, oils, phospholipids, and sterols -- The proteins and amino acids -- The vitamins -- Water and minerals -- Energy balance and healthy body weight -- Nutrients, physical activity, and the body's responses -- Diet and health -- Food safety and food technology -- Life cycle nutrition: mother and infant -- Child, teen, and older adult -- Hunger and the global environment --
650 #0 - SUBJECT ADDED ENTRY--TOPICAL TERM
Topical term or geographic name entry element Nutrition.
9 (RLIN) 111
650 #0 - SUBJECT ADDED ENTRY--TOPICAL TERM
Topical term or geographic name entry element Food.
9 (RLIN) 270
650 #0 - SUBJECT ADDED ENTRY--TOPICAL TERM
Topical term or geographic name entry element Nutrition
General subdivision Requirements.
9 (RLIN) 294
700 ## - ADDED ENTRY--PERSONAL NAME
Fuller form of name Whitney, Ellie
9 (RLIN) 295
906 ## - LOCAL DATA ELEMENT F, LDF (RLIN)
a 7
b cbc
c copycat
d 2
e ncip
f 20
g y-gencatlg
942 ## - ADDED ENTRY ELEMENTS (KOHA)
Source of classification or shelving scheme Library of Congress Classification
Koha item type Books
Holdings
Withdrawn status Lost status Source of classification or shelving scheme Damaged status Not for loan Home library Current library Shelving location Date acquired Total Checkouts Full call number Barcode Date last seen Copy number Price effective from Koha item type
    Library of Congress Classification     WISCONSIN INTERNATIONAL UNIVERSITY COLLEGE, GHANA KUMASI LIBRARY WISCONSIN INTERNATIONAL UNIVERSITY COLLEGE, GHANA KUMASI LIBRARY nursing 25/11/2019   QP141.S53(12e) KSN/677/677/19 30/08/2022 1 30/08/2022 Books
    Library of Congress Classification     WISCONSIN INTERNATIONAL UNIVERSITY COLLEGE, GHANA KUMASI LIBRARY WISCONSIN INTERNATIONAL UNIVERSITY COLLEGE, GHANA KUMASI LIBRARY nursing 25/11/2019   QP141.S531(12e) KSN/678/678/19 30/08/2022 2 30/08/2022 Books
    Library of Congress Classification     WISCONSIN INTERNATIONAL UNIVERSITY COLLEGE, GHANA KUMASI LIBRARY WISCONSIN INTERNATIONAL UNIVERSITY COLLEGE, GHANA KUMASI LIBRARY nursing 25/11/2019   QP141.S532(12e) KSN/679/679/19 30/08/2022 3 30/08/2022 Books
    Library of Congress Classification     WISCONSIN INTERNATIONAL UNIVERSITY COLLEGE, GHANA KUMASI LIBRARY WISCONSIN INTERNATIONAL UNIVERSITY COLLEGE, GHANA KUMASI LIBRARY nursing 25/11/2019   QP141.S533(12e) KSN/680/680/19 30/08/2022 4 30/08/2022 Books

If you have any concerns or questions; kindly contact the library


© Powered by WIUC ICT DIRECTORATE